[Event "Titled Tue 17th Jun Late"]
[Site "chess.com INT"]
[Date "2025.06.17"]
[Round "9"]
[White "Hariharan, Shambavi"]
[Black "Ersahin, Bulent"]
[Result "1/2-1/2"]
[WhiteTitle "WCM"]
[BlackTitle "CM"]
[WhiteElo "1936"]
[BlackElo "2106"]
[WhiteFideId "488160"]
[BlackFideId "6302670"]
[EventDate "2025.06.17"]

1. d4 Nf6 2. c4 c5 3. d5 e6 4. Nc3 exd5 5. cxd5 d6 6. Bg5 Be7 7. e4 O-O 8. Nf3
a6 9. a4 Bg4 10. Bxf6 Bxf6 11. Be2 Re8 12. Qc2 Nd7 13. O-O Rb8 14. a5 Bxf3 15.
Bxf3 b5 16. axb6 Rxb6 17. Be2 Qb8 18. Rfb1 Qb7 19. Na4 Rb4 20. Nc3 Bxc3 21. bxc3
Rxb1+ 22. Rxb1 Qc7 23. Bxa6 g6 24. f3 c4 25. Kh1 Ne5 26. Bb5 Rb8 27. Ba4 Ra8 28.
Bb5 Qc5 29. Bc6 Ra3 30. Qd2 Nd3 31. h3 Kg7 32. Kh2 h5 33. Be8 Ra8 34. Bc6 Ra7
35. Rb5 Qa3 36. Rb7 Rxb7 37. Bxb7 Qa1 38. Bc6 Qf1 39. Bb5 Ne5 40. f4 Nd3 41.
Bxc4 Qxf4+ 42. Qxf4 Nxf4 43. g3 g5 44. gxf4 gxf4 45. Kg2 Kf6 46. Kf3 Ke5 47. Be2
f5 48. exf5 Kxf5 49. Bd3+ Ke5 50. Bg6 h4 51. Bf7 Kf6 52. Be6 Ke5 53. Kg4 Ke4 54.
c4 f3 55. Bf5+ Ke3 56. Bd3 Kxd3 57. Kxf3 Kxc4 58. Kg4 Kxd5 59. Kxh4 Ke4 60. Kg5
d5 61. h4 d4 62. h5 d3 63. h6 d2 64. h7 d1=Q 65. h8=Q Qg1+ 66. Kh6 Qh2+ 67. Kg7
Qe5+ 68. Kg8 Qe8+ 69. Kh7 Qh5+ 70. Kg8 Qd5+ 71. Kh7 Qh5+ 72. Kg8 Qxh8+ 73. Kxh8 1/2-1/2

[Event "Titled Tue 17th Jun Late"]
[Site "chess.com INT"]
[Date "2025.06.17"]
[Round "9"]
[White "Labussiere, Victor"]
[Black "Grover, Sahaj"]
[Result "1/2-1/2"]
[WhiteTitle "FM"]
[BlackTitle "GM"]
[WhiteElo "2312"]
[BlackElo "2465"]
[WhiteFideId "2183129"]
[BlackFideId "5021103"]
[EventDate "2025.06.17"]

1. Nf3 Nf6 2. c4 g6 3. Nc3 Bg7 4. e4 d6 5. d4 O-O 6. Be2 Nbd7 7. O-O e5 8. Re1
exd4 9. Nxd4 c6 10. Bf1 Ne5 11. h3 Re8 12. Be3 a6 13. Rc1 c5 14. Nf3 Nxf3+ 15.
Qxf3 Bd7 16. Bg5 Bc6 17. Nd5 Bxd5 18. cxd5 b5 19. a4 bxa4 20. Ra1 h6 21. Bh4 g5
22. Bg3 Qb6 23. Rxa4 Nd7 24. Qd3 a5 25. b3 Ne5 26. Qb5 Reb8 27. Qxb6 Rxb6 28.
Bxe5 Bxe5 29. Bc4 Rb4 30. Re2 Rxa4 31. bxa4 Rb8 32. Bb5 Kg7 33. Rc2 h5 34. g3
Kg6 35. Kg2 Kf6 36. Kf3 Ke7 37. Ke3 Bd4+ 38. Kd3 Kf6 39. Kc4 Ke5 40. Re2 h4 41.
Kd3 Rh8 42. Bd7 Rd8 43. Bb5 Kf6 44. Rc2 Ke7 45. Rc1 Bxf2 46. g4 Bd4 47. Rf1 Be5
48. Rf5 Bf4 49. Kc4 Rb8 50. Kd3 Be5 51. Kc4 Rb7 52. Kd3 Kd8 53. Kc4 Re7 54. Kd3
Kc7 55. Rf1 Kb6 56. Bc6 Ka7 57. Rb1 Ka6 58. Bb5+ Kb7 59. Bc6+ Kc8 60. Rb5 Ra7
61. Rb1 Kc7 62. Rf1 f6 63. Rb1 Kc8 64. Rb6 Kc7 65. Rb1 Kc8 66. Rb6 Kc7 67. Rb1 1/2-1/2

[Event "Titled Tue 17th Jun Late"]
[Site "chess.com INT"]
[Date "2025.06.17"]
[Round "9"]
[White "Nayak, Rajesh"]
[Black "Krishnakumar, Sriram"]
[Result "1/2-1/2"]
[WhiteTitle "FM"]
[BlackTitle "FM"]
[WhiteElo "2262"]
[BlackElo "2197"]
[WhiteFideId "35017152"]
[BlackFideId "30915856"]
[EventDate "2025.06.17"]

1. d4 d5 2. Nc3 Nf6 3. Bf4 e6 4. Nb5 Na6 5. e3 c6 6. Nc3 Nb8 7. Nf3 Bd6 8. Ne5
O-O 9. Bd3 c5 10. dxc5 Bxc5 11. Qf3 Nc6 12. Qh3 h6 13. O-O-O Nxe5 14. Bxe5 Bd6
15. f4 Bxe5 16. fxe5 Nd7 17. Qg3 Qg5 18. Qxg5 hxg5 19. e4 d4 20. Nb5 Nxe5 21.
Nxd4 b6 22. Nf3 Nxf3 23. gxf3 Rd8 24. h4 gxh4 25. Rxh4 f6 26. Rg1 a5 27. Rh6 Rf8
28. f4 Ra7 29. f5 Rc7 30. e5 fxe5 31. f6 Rff7 32. Bh7+ Kf8 33. fxg7+ Rxg7 34.
Rf1+ Ke7 35. Be4 Bd7 36. Rhf6 Bc6 37. Bxc6 Rxc6 38. Rf8 Rg2 39. R1f7+ Kd6 40.
Rd8+ Kc5 41. Rd2 Rg1+ 42. Rd1 Rxd1+ 43. Kxd1 e4 44. Ke2 Kd4 45. c3+ Ke5 46. Rb7
Rd6 47. a4 Rc6 48. Ke3 Rd6 49. Ke2 Rc6 50. Ke3 Kd5 51. Rd7+ Ke5 52. Rd4 Rd6 53.
Rxe4+ Kf6 54. Rc4 Ke7 55. Rc7+ Kf6 56. Rb7 Ke5 57. Rc7 Kf5 58. Rc4 e5 59. Rh4
Rg6 60. Rh5+ Ke6 61. Rh8 Rg4 62. Rb8 Rxa4 63. Rxb6+ Kd5 64. Rb5+ Kd6 65. b3 Ra3
66. Ke4 a4 67. Rd5+ Kc6 68. bxa4 Rxc3 69. Rxe5 Rc4+ 70. Kf5 Rxa4 71. Re4 Rxe4
72. Kxe4 1/2-1/2

[Event "Titled Tue 17th Jun Late"]
[Site "chess.com INT"]
[Date "2025.06.17"]
[Round "9"]
[White "Rajaram, Rohan"]
[Black "Sharankov, Grigory"]
[Result "1-0"]
[WhiteTitle "CM"]
[BlackTitle "CM"]
[WhiteElo "2164"]
[BlackElo "2238"]
[WhiteFideId "30940729"]
[BlackFideId "4168356"]
[EventDate "2025.06.17"]

1. c4 e5 2. Nc3 Nc6 3. Nf3 f5 4. d3 Nf6 5. e4 d6 6. Be2 Be7 7. O-O O-O 8. Bg5 h6
9. Bxf6 Bxf6 10. Nd5 Be6 11. Qd2 Ne7 12. Rac1 c6 13. Nxf6+ Rxf6 14. c5 Bxa2 15.
cxd6 Qxd6 16. Qa5 Bf7 17. Nxe5 b6 18. Qc3 c5 19. Nxf7 Rxf7 20. e5 Qd4 21. Qxd4
cxd4 22. Bf3 Rd8 23. Rfe1 Nd5 24. Bh5 Re7 25. Bg6 Rf8 26. g3 Nb4 27. Rcd1 Re6
28. Bh5 g6 29. Bf3 Rfe8 30. h4 Rxe5 31. Rxe5 Rxe5 32. Rc1 Rc5 33. Re1 Kf7 34.
Be2 Rc2 35. Bf1 Rxb2 36. Re5 Rb1 37. Kg2 Rb3 38. Rb5 Ke6 39. Be2 Kd6 40. h5 gxh5
41. Bxh5 Kc6 42. Be8+ Kc7 43. Bf7 a6 44. Rxf5 Rxd3 45. Rf6 Rd2 46. Rxh6 Nd3 47.
Rf6 a5 48. Be8 Ne5 49. Bb5 d3 50. Rf5 Kd6 51. Kh3 Rb2 52. Ba6 d2 53. Be2 a4 54.
f4 Nc6 55. Rf6+ Kc5 56. Rf8 a3 57. Ra8 a2 58. Ra4 b5 59. Ra3 b4 60. Ra6 b3 61.
f5 Nb4 62. Ra5+ Kd4 63. f6 Rb1 64. f7 a1=Q 65. Rxa1 Rxa1 66. f8=Q Kc3 67. Qc5+
Kb2 68. Qd4+ Kc2 69. Qxa1 b2 70. Bd1+ Kc3 71. Qb1 Nd3 72. Qc2+ Kd4 73. Be2 b1=Q
74. Qxb1 Ke3 75. Qxd3+ 1-0

[Event "Titled Tue 17th Jun Late"]
[Site "chess.com INT"]
[Date "2025.06.17"]
[Round "9"]
[White "Cevizci, Yusuf Baran"]
[Black "Distaso, Antonio Pio"]
[Result "0-1"]
[WhiteTitle "CM"]
[WhiteElo "2062"]
[BlackElo "2253"]
[WhiteFideId "34565400"]
[BlackFideId "805548"]
[EventDate "2025.06.17"]

1. e4 c5 2. c3 Nf6 3. e5 Nd5 4. Nf3 b6 5. Bc4 Bb7 6. O-O e6 7. d4 cxd4 8. cxd4
Be7 9. Bd2 O-O 10. Nc3 Nxc3 11. bxc3 f5 12. exf6 Bxf6 13. Bd3 g6 14. Bh6 Bg7 15.
Bxg7 Kxg7 16. Ne5 Nc6 17. Qe2 Qg5 18. Nxc6 Bxc6 19. Be4 Bd5 20. c4 Bxe4 21. Qxe4
Rac8 22. d5 Rf4 23. Qe3 Rcxc4 24. dxe6 dxe6 25. Qxe6 Rce4 26. Qd7+ Rf7 27. Qd3
Ref4 28. Rae1 h5 29. Re8 Qc5 30. Re2 h4 31. h3 R4f6 32. Rc2 Qg5 33. Qd4 Qf4 34.
Qxf4 Rxf4 35. Rd1 Ra4 36. Rd6 Rf6 37. Rc7+ Rf7 38. Rcc6 Rxa2 39. Rxg6+ Kf8 40.
Rc8+ Ke7 41. Rc7+ Kf8 42. Rxf7+ Kxf7 43. Rg4 b5 44. Rxh4 a5 45. Rh5 b4 46. Rb5
Ke6 47. h4 Kd6 48. Rb8 Kc7 49. Rb5 Kc6 50. Rb8 Kc5 51. h5 Rd2 52. g4 a4 53. g5
a3 54. g6 Rd5 55. Ra8 Rxh5 56. Kf1 Rh6 57. Ra5+ Kc4 58. Ra6 a2 59. g7 Rxa6 60.
g8=Q+ Kc3 61. Qh8+ Kb3 62. Qa1 Ka3 63. Ke2 b3 64. Qc1+ Kb4 65. Qd2+ Kb5 66. Qd3+
Kb4 67. Qd5 a1=Q 68. Qe4+ Ka3 69. Qe7+ Kb2 70. Qe5+ Ka2 71. Qb5 Ra3 72. Kf3 Qb2
73. Kg2 Ka1 74. Qc4 Qc2 75. Qd4+ b2 76. Qd6 b1=Q 77. Qxa3+ Qba2 78. Qf8 Qc6+ 79.
Kg3 Qac4 0-1

[Event "Titled Tue 17th Jun Late"]
[Site "chess.com INT"]
[Date "2025.06.17"]
[Round "9"]
[White "Ahmad, Khagan"]
[Black "Liu, Xiangyi"]
[Result "1-0"]
[WhiteTitle "IM"]
[BlackTitle "IM"]
[WhiteElo "2394"]
[BlackElo "2370"]
[WhiteFideId "13431552"]
[BlackFideId "8605718"]
[EventDate "2025.06.17"]

1. d4 Nf6 2. c4 e6 3. Nf3 b6 4. Nc3 Bb7 5. a3 Be7 6. d5 O-O 7. e4 exd5 8. cxd5
d6 9. Bd3 Nbd7 10. Nd4 Ne5 11. Bc2 c5 12. dxc6 Nxc6 13. Nf5 Ba6 14. b4 Ne5 15.
b5 Bb7 16. O-O Rc8 17. Bb2 Nc4 18. Bc1 Re8 19. Bb3 Bf8 20. Re1 Nxe4 21. Qg4 Qf6
22. Nxe4 Bxe4 23. Nh6+ Kh8 24. Bg5 Qg6 25. Nxf7+ Qxf7 26. Rxe4 d5 27. Rxe8 Rxe8
28. h4 Bc5 29. Rf1 h6 30. Bf4 Re4 31. Qc8+ Re8 32. Qc6 Rf8 33. Bg3 Nd2 34. Bxd5
Qf5 35. Be6 Qf6 36. Bd5 Nxf1 37. Qxf6 Rxf6 38. Kxf1 Bxa3 39. Bb8 Rf5 40. Bc6 Rf7
41. Ke2 Bc5 42. f4 Re7+ 43. Kf3 Kg8 44. h5 Kf7 45. Kg4 Ke6 46. Be5 Bd6 47. Bd4
Rf7 48. g3 Rc7 49. Kf3 Bc5 50. Be5 Re7 51. g4 Bd6 52. Bd4 Rf7 53. f5+ Ke7 54.
Bd5 Rf6 55. Ke4 Bc5 56. Be5 Bd6 57. Bc3 Bc7 58. Be6 Bd8 59. Kd5 Bc7 60. Kc6 Bg3
61. Kb7 Bf2 62. Kxa7 Bc5 63. Kb7 Kf8 64. Kc6 Ke7 65. Kd5 Be3 66. Bb4+ Ke8 67.
Bd6 Rf8 68. Be5 Rf6 69. Bd6 Bf2 70. Kc6 Bg1 71. Bc7 Ke7 72. Bd6+ Ke8 73. Be5 Ke7
74. Bb8 Ke8 75. Ba7 Ke7 76. Bxb6 Bxb6 77. Kxb6 Kd6 78. Ka7 Rf8 79. b6 Kc6 80. b7
Kc7 81. g5 hxg5 82. Bc8 Rxc8 83. bxc8=Q+ Kxc8 84. f6 gxf6 85. h6 g4 86. h7 g3
87. h8=Q+ 1-0

[Event "Titled Tue 17th Jun Late"]
[Site "chess.com INT"]
[Date "2025.06.17"]
[Round "9"]
[White "Ibarra Carlos Roberto"]
[Black "Winkels, Marcel"]
[Result "1/2-1/2"]
[WhiteTitle "FM"]
[BlackTitle "CM"]
[WhiteElo "2116"]
[BlackElo "1905"]
[WhiteFideId "6707173"]
[BlackFideId "1003887"]
[EventDate "2025.06.17"]

1. e4 d6 2. d4 Nf6 3. Nc3 g6 4. Bg5 Bg7 5. Qd2 h6 6. Bf4 Nh5 7. Be3 e5 8. f3 Nc6
9. d5 Nd4 10. Nge2 Nxe2 11. Bxe2 Qf6 12. Bb5+ Kf8 13. g4 Nf4 14. Rg1 a6 15. Bf1
b5 16. Ne2 g5 17. c3 Bd7 18. Nxf4 exf4 19. Bd4 Qe7 20. Rh1 h5 21. gxh5 Rxh5 22.
O-O-O Bxd4 23. Qxd4 Qe5 24. Qxe5 dxe5 25. Be2 Ke7 26. Rdg1 f6 27. Rg2 Rah8 28.
Kd2 Rh3 29. b3 g4 30. Rf1 Rxh2 31. Rfg1 g3 32. c4 Rxg2 33. Rxg2 Rh2 34. Rg1 bxc4
35. bxc4 Kd6 36. Kd3 Kc5 37. a3 Bh3 38. Kd2 g2 39. Ke1 Kd4 40. Kf2 Rh1 41. Bd1
Rxg1 42. Kxg1 Kxc4 43. Be2+ Kc5 44. Bxa6 Kb6 45. Bc4 Kc5 46. Bb3 Kd4 47. Kf2 Kc3
48. Bd1 f5 49. exf5 Bxf5 50. Kxg2 e4 51. fxe4 Bxe4+ 52. Bf3 Bf5 53. Bd1 Kb2 54.
a4 Bd3 55. Kf3 Bc4 56. Ke4 Ka3 57. a5 Kb4 58. Kd4 Ba6 59. Ke4 Bb7 60. Kxf4 Bxd5
61. Ke3 Kxa5 62. Kd2 Kb4 63. Kc1 c5 64. Bh5 Be4 65. Bf7 Bd3 66. Bh5 Bc4 67. Be8
Bd5 68. Bh5 c4 69. Bd1 Kc3 70. Bg4 Be4 71. Bh5 Bd3 72. Bf7 Be4 73. Be6 Bd3 74.
Bd5 Be2 75. Be4 Kd4 76. Bg2 c3 77. Bc6 Bd3 78. Bg2 Ke3 79. Bh3 Ke2 80. Bc8 Ke1
81. Bg4 Kf2 82. Bd7 Ke3 83. Bb5 Kd4 84. Ba4 Bc4 85. Be8 Bd3 86. Bh5 Bc4 87. Bg4
Bd5 88. Bh3 Be4 89. Bf1 Bd3 90. Bh3 Ke3 91. Bg4 Kd4 92. Bh3 Kc5 93. Bg2 Kb4 94.
Bf3 Kb3 95. Bd5+ Bc4 96. Bxc4+ Kxc4 97. Kc2 Kd4 98. Kc1 Kd3 99. Kd1 c2+ 100. Kc1
Kc3 1/2-1/2

[Event "Titled Tue 17th Jun Late"]
[Site "chess.com INT"]
[Date "2025.06.17"]
[Round "10"]
[White "Ismayilova, Khanim"]
[Black "Qian, Ashley"]
[Result "1-0"]
[WhiteTitle "WCM"]
[BlackTitle "WCM"]
[WhiteElo "1971"]
[BlackElo "2033"]
[WhiteFideId "13429019"]
[BlackFideId "2636280"]
[EventDate "2025.06.17"]

1. e4 c5 2. c3 Nf6 3. e5 Nd5 4. d4 cxd4 5. Nf3 Nc6 6. Bc4 Nb6 7. Bb3 d6 8. exd6
Qxd6 9. O-O e6 10. cxd4 Be7 11. Nc3 O-O 12. a3 Rd8 13. Be3 Bf6 14. Ne4 Qe7 15.
Nxf6+ Qxf6 16. Bg5 1-0

[Event "Titled Tue 17th Jun Late"]
[Site "chess.com INT"]
[Date "2025.06.17"]
[Round "10"]
[White "Al-Tarboush, Ward"]
[Black "Perez Rojas, Jorge"]
[Result "1-0"]
[WhiteTitle "FM"]
[BlackTitle "FM"]
[WhiteElo "2223"]
[BlackElo "2100"]
[WhiteFideId "7601450"]
[BlackFideId "3452093"]
[EventDate "2025.06.17"]

1. e4 e6 2. d4 d5 3. exd5 exd5 4. Bd3 Bd6 5. Nc3 c6 6. Nge2 Ne7 7. Bg5 Nd7 8. h4
h6 9. Be3 Nf6 10. Qd2 Be6 11. O-O-O Qc7 12. f3 O-O-O 13. g4 h5 14. g5 Ne8 15.
Nf4 Bf5 16. Bf1 g6 17. Re1 Ng7 18. Nd3 Rhe8 19. f4 Ne6 20. Ne5 Bxe5 21. fxe5 c5
22. Nb5 Qb6 23. Nd6+ Rxd6 24. exd6 Qxd6 25. Bb5 Rd8 26. dxc5 Nxc5 27. Bf4 Qb6
28. Rxe7 Qxb5 29. Rc7+ 1-0

[Event "Titled Tue 17th Jun Late"]
[Site "chess.com INT"]
[Date "2025.06.17"]
[Round "10"]
[White "Makridis, Dimitrios"]
[Black "Klepek, Witold"]
[Result "1-0"]
[WhiteTitle "FM"]
[BlackTitle "CM"]
[WhiteElo "2283"]
[BlackElo "2253"]
[WhiteFideId "25864475"]
[BlackFideId "1175068"]
[EventDate "2025.06.17"]

1. e4 c5 2. Nf3 e6 3. d3 Nc6 4. g3 Nf6 5. Bg2 d5 6. Qe2 Be7 7. e5 Nd7 8. O-O Qc7
9. Re1 b5 10. Bf4 Bb7 11. Nc3 a6 12. Nxd5 exd5 13. e6 Qd8 14. exf7+ Kxf7 15.
Ng5+ Bxg5 16. Bxd5+ Kg6 17. Qe6+ Nf6 18. Be4+ Kh6 19. Bxg5+ Kxg5 20. Qf5+ Kh6
21. Qh3+ Kg5 22. Qh4# 1-0

[Event "Titled Tue 17th Jun Late"]
[Site "chess.com INT"]
[Date "2025.06.17"]
[Round "10"]
[White "Mai, Alexander Oliver"]
[Black "Gimeno Martos, Roberto"]
[Result "1-0"]
[WhiteTitle "CM"]
[BlackTitle "CM"]
[WhiteElo "2171"]
[BlackElo "2090"]
[WhiteFideId "2313391"]
[BlackFideId "2226804"]
[EventDate "2025.06.17"]

1. e4 g6 2. d4 Bg7 3. Nc3 d6 4. f4 Nf6 5. Nf3 O-O 6. e5 Ne8 7. h4 dxe5 8. fxe5
c5 9. d5 Bg4 10. Bf4 Nc7 11. Qd2 a6 12. O-O-O b5 13. d6 exd6 14. exd6 Ne6 15.
Bh6 Nc6 16. Bxg7 Nxg7 17. Be2 b4 18. Nd5 Qa5 19. Nf6+ Kh8 20. Qh6 1-0

[Event "Titled Tue 17th Jun Late"]
[Site "chess.com INT"]
[Date "2025.06.17"]
[Round "10"]
[White "Zou, Chen"]
[Black "Jakubowski, Krzysztof"]
[Result "1-0"]
[WhiteTitle "IM"]
[BlackTitle "GM"]
[WhiteElo "2443"]
[BlackElo "2448"]
[WhiteFideId "8610959"]
[BlackFideId "1112848"]
[EventDate "2025.06.17"]

1. e4 c6 2. Nf3 d5 3. Nc3 Bg4 4. h3 Bxf3 5. Qxf3 e6 6. g3 Nd7 7. d4 Bb4 8. a3
Bxc3+ 9. bxc3 Qa5 10. Bd2 Qa4 11. Bd3 Ne7 12. O-O Nb6 13. Rab1 Qxa3 14. e5 Nec8
15. Qf4 Qe7 16. Qg4 O-O 17. Bg5 f5 18. exf6 Rxf6 19. Rfe1 Nd6 20. Bxf6 Qxf6 21.
Rxe6 Qf8 22. Rbe1 Rd8 23. Qh5 Ne4 24. Bxe4 dxe4 25. R1xe4 g6 26. Qg5 1-0

[Event "Titled Tue 17th Jun Late"]
[Site "chess.com INT"]
[Date "2025.06.17"]
[Round "10"]
[White "Willim, Michael"]
[Black "Montano Vicente, Guadalupe"]
[Result "0-1"]
[WhiteTitle "CM"]
[WhiteElo "2024"]
[BlackElo "1938"]
[WhiteFideId "4632435"]
[BlackFideId "5181399"]
[EventDate "2025.06.17"]

1. c4 e5 2. Nc3 Nf6 3. Nf3 Nc6 4. g3 d5 5. cxd5 Nxd5 6. Bg2 Bc5 7. Nxe5 Nxc3 8.
Nxc6 Qf6 9. dxc3 Qxf2+ 10. Kd2 Qxg2 11. Nd4 O-O 12. Qf1 Qd5 13. Qf3 Qd6 14. Kc2
Bxd4 15. cxd4 Qxd4 16. Bf4 Bf5+ 17. Kb3 a5 18. a3 a4+ 19. Ka2 Qc4+ 20. b3 Qc2# 0-1

[Event "Titled Tue 17th Jun Late"]
[Site "chess.com INT"]
[Date "2025.06.17"]
[Round "10"]
[White "Sohal, Tanraj"]
[Black "Linares Orellana, Hector Jose"]
[Result "1-0"]
[WhiteTitle "FM"]
[BlackTitle "FM"]
[WhiteElo "2234"]
[BlackElo "2111"]
[WhiteFideId "2608499"]
[BlackFideId "7304307"]
[EventDate "2025.06.17"]

1. d4 d5 2. c4 e6 3. Nf3 Nf6 4. Bg5 Be7 5. Nbd2 Nbd7 6. e3 O-O 7. c5 c6 8. Bd3
Re8 9. h3 a5 10. a3 h6 11. Bf4 Nh5 12. Bh2 Nhf6 13. b4 axb4 14. axb4 Rxa1 15.
Qxa1 b5 16. O-O Bb7 17. Qa7 Qa8 18. Ra1 Rc8 19. Nb3 Ne4 20. Bxe4 dxe4 21. Nfd2
f5 22. Nb1 Nf6 23. Nc3 Nd5 24. Nxd5 exd5 25. Bd6 Kf7 26. Bxe7 Kxe7 27. Qb6 Qb8
28. Ra7 Rc7 29. Na5 Kd7 30. Rxb7 Rxb7 31. Qxc6+ 1-0

[Event "Titled Tue 17th Jun Late"]
[Site "chess.com INT"]
[Date "2025.06.17"]
[Round "10"]
[White "Kochetkov, German"]
[Black "Baylav, Can"]
[Result "1-0"]
[WhiteTitle "IM"]
[WhiteElo "2277"]
[BlackElo "2056"]
[WhiteFideId "13500635"]
[BlackFideId "6361293"]
[EventDate "2025.06.17"]

1. f4 d5 2. Nf3 Nf6 3. g3 g6 4. Bg2 Bg7 5. O-O O-O 6. d3 c5 7. Nc3 Nc6 8. e4
dxe4 9. dxe4 e5 10. Qxd8 Rxd8 11. fxe5 Ng4 12. Bg5 Re8 13. Nd5 Rb8 14. Nf6+ Bxf6
15. exf6 Rxe4 16. h3 Ne3 17. Rfe1 Nxc2 18. Rxe4 1-0

[Event "Titled Tue 17th Jun Late"]
[Site "chess.com INT"]
[Date "2025.06.17"]
[Round "10"]
[White "Bulgak, Damir"]
[Black "Davtyan, Artur"]
[Result "0-1"]
[WhiteTitle "CM"]
[BlackTitle "IM"]
[WhiteElo "2213"]
[BlackElo "2472"]
[WhiteFideId "13528882"]
[BlackFideId "13308327"]
[EventDate "2025.06.17"]

1. Nf3 d5 2. e3 c5 3. c4 d4 4. b4 Nf6 5. bxc5 Nc6 6. exd4 Nxd4 7. Nxd4 Qxd4 8.
Nc3 e5 9. Be2 Bxc5 10. O-O O-O 11. Bb2 Qd8 12. d3 Bf5 13. Qc2 Re8 14. Rad1 Rc8
15. Bf3 Qd7 16. Qe2 Bd4 17. Nd5 Nxd5 18. Bxd5 Bg4 19. Bf3 Bxf3 20. gxf3 Rc6 21.
Kh1 Qh3 22. Bxd4 Rh6 23. Bxe5 f6 24. Qe4 fxe5 0-1

[Event "Titled Tue 17th Jun Late"]
[Site "chess.com INT"]
[Date "2025.06.17"]
[Round "10"]
[White "Ferraz, Michel Liah"]
[Black "Modric, Nesa"]
[Result "1-0"]
[BlackTitle "CM"]
[WhiteElo "2007"]
[BlackElo "2088"]
[WhiteFideId "22743219"]
[BlackFideId "922579"]
[EventDate "2025.06.17"]

1. d4 d5 2. c4 c6 3. Nc3 e6 4. e4 dxe4 5. Nxe4 Nd7 6. Nf3 Ngf6 7. Nxf6+ gxf6 8.
Bd3 Bd6 9. O-O Qc7 10. h3 b6 11. Re1 Bb7 12. Rb1 O-O-O 13. b4 c5 14. bxc5 bxc5
15. Qa4 a6 16. d5 e5 17. Bd2 Rdg8 18. Ba5 Qb8 19. Bf5 Rd8 20. Rb3 Bc7 21. Reb1
Bxa5 22. Rxb7 Qxb7 23. Rxb7 Kxb7 24. Qc6+ Ka7 25. Bxd7 Bb6 26. a4 e4 27. Nd2 f5
28. Nb3 Rhg8 29. a5 Bxa5 30. Nxa5 Rg6 31. Qb7# 1-0

[Event "Titled Tue 17th Jun Late"]
[Site "chess.com INT"]
[Date "2025.06.17"]
[Round "10"]
[White "Ragger, Markus"]
[Black "Baturin-Vinogradov, Miroslav"]
[Result "1-0"]
[WhiteTitle "GM"]
[BlackTitle "CM"]
[WhiteElo "2566"]
[BlackElo "2046"]
[WhiteFideId "1610856"]
[BlackFideId "55745741"]
[EventDate "2025.06.17"]

1. d4 d5 2. c4 c6 3. Nf3 Nf6 4. Nc3 dxc4 5. e4 b5 6. Qc2 e6 7. Be2 Be7 8. O-O
O-O 9. Rb1 Nbd7 10. e5 Nd5 11. Ne4 f5 12. exf6 N5xf6 13. Neg5 Nb6 14. b3 h6 15.
Nh3 cxb3 16. Rxb3 Bb7 17. Bxh6 gxh6 18. Ne5 Nh7 19. Rg3+ Bg5 20. Nxg5 hxg5 21.
Qg6+ Kh8 22. Rh3 Qe7 23. Bd3 Rf5 24. Bxf5 exf5 25. Nf7+ 1-0

[Event "Titled Tue 17th Jun Late"]
[Site "chess.com INT"]
[Date "2025.06.17"]
[Round "10"]
[White "Piesik, Piotr"]
[Black "Shafer, Logan C"]
[Result "1-0"]
[WhiteTitle "IM"]
[BlackTitle "CM"]
[WhiteElo "2436"]
[BlackElo "2217"]
[WhiteFideId "1136194"]
[BlackFideId "30993342"]
[EventDate "2025.06.17"]

1. Nf3 d5 2. g3 g6 3. Bg2 Bg7 4. d4 Nf6 5. O-O O-O 6. c4 c6 7. Nc3 dxc4 8. a4
Be6 9. Ng5 Bd7 10. e4 h6 11. Nf3 Be6 12. a5 Nbd7 13. Be3 b5 14. d5 cxd5 15. exd5
Bg4 16. Nxb5 Ne5 17. Nxa7 Nxd5 18. Bb6 Nxf3+ 19. Bxf3 Bxf3 20. Qxf3 Nxb6 21. Nc6
Qc7 22. axb6 Qxb6 23. Rxa8 Rxa8 24. Nxe7+ Kf8 25. Nxg6+ Qxg6 26. Qxa8+ Ke7 27.
Re1+ Kf6 28. Qc6+ Kg5 29. h4+ Kh5 30. Qf3+ Qg4 31. Qxf7+ Qg6 32. g4+ 1-0

[Event "Titled Tue 17th Jun Late"]
[Site "chess.com INT"]
[Date "2025.06.17"]
[Round "10"]
[White "Cernov, Henrik"]
[Black "Ilinca, Felix-Antonio"]
[Result "1/2-1/2"]
[WhiteTitle "FM"]
[BlackTitle "IM"]
[WhiteElo "2325"]
[BlackElo "2431"]
[WhiteFideId "16258312"]
[BlackFideId "54764998"]
[EventDate "2025.06.17"]

1. e4 c6 2. d4 d5 3. e5 Bf5 4. h4 f6 5. Bd3 Bxd3 6. Qxd3 fxe5 7. dxe5 e6 8. Nf3
Nd7 9. Ng5 Nxe5 10. Qe2 Qf6 11. f4 Nd7 12. Nxe6 Bb4+ 13. c3 Kf7 14. Ng5+ Kf8 15.
Ne6+ Kf7 16. Ng5+ Kf8 17. Ne6+ Kf7 1/2-1/2

[Event "Titled Tue 17th Jun Late"]
[Site "chess.com INT"]
[Date "2025.06.17"]
[Round "10"]
[White "Caruana, Fabiano"]
[Black "Niemann, Hans Moke"]
[Result "1/2-1/2"]
[WhiteTitle "GM"]
[BlackTitle "GM"]
[WhiteElo "2777"]
[BlackElo "2736"]
[WhiteFideId "2020009"]
[BlackFideId "2093596"]
[EventDate "2025.06.17"]

1. e4 e5 2. Nf3 Nc6 3. Nc3 Nf6 4. h3 Bb4 5. Bd3 O-O 6. O-O Re8 7. Re1 a6 8. Nd5
Bc5 9. c3 d6 10. Bc2 h6 11. d4 Ba7 12. Nxf6+ Qxf6 13. Be3 Ne7 14. Kh2 Ng6 15.
Qd2 Be6 16. Bb3 Bxb3 17. axb3 exd4 18. Bxd4 Bxd4 19. cxd4 Re7 20. Re3 Rae8 21.
Rae1 Nh4 22. Nxh4 Qxh4 23. g3 Qg5 24. f4 Qb5 25. Qc3 c6 26. Kg2 Re6 27. Qc4 Qa5
28. Qc3 Qb5 29. Qc4 Qa5 30. Qc3 Qb5 1/2-1/2

[Event "Titled Tue 17th Jun Late"]
[Site "chess.com INT"]
[Date "2025.06.17"]
[Round "10"]
[White "Mafra, Kaiser Luiz"]
[Black "Vazelakis, Dimitrios"]
[Result "0-1"]
[WhiteTitle "CM"]
[WhiteElo "2076"]
[BlackElo "1857"]
[WhiteFideId "2106698"]
[BlackFideId "4203674"]
[EventDate "2025.06.17"]

1. e4 Nf6 2. e5 Nd5 3. d4 d6 4. exd6 cxd6 5. Nf3 g6 6. c4 Nb6 7. Nc3 Bg7 8. Be3
O-O 9. Qd2 Bg4 10. b3 Nc6 11. Rd1 Bxf3 12. gxf3 d5 13. c5 Nc8 14. Bh6 e6 15.
Bxg7 Kxg7 16. h4 h5 17. Be2 N8e7 18. Qf4 Nf5 19. Nb5 Qf6 20. Bd3 a6 21. Nd6 Nxd6
22. Qxf6+ Kxf6 23. cxd6 Rfd8 24. Be2 Rxd6 25. Rg1 Rc8 26. Rc1 Rdd8 27. Rd1 Nb4
28. a3 Nc2+ 29. Kf1 Nxa3 30. Rg3 Nb5 31. f4 Nc3 32. Rd2 Nxe2 33. Kxe2 Rc1 0-1

[Event "Titled Tue 17th Jun Late"]
[Site "chess.com INT"]
[Date "2025.06.17"]
[Round "10"]
[White "Reprintsev, Alexander"]
[Black "Jing, Andrew"]
[Result "1-0"]
[WhiteTitle "IM"]
[BlackTitle "FM"]
[WhiteElo "2256"]
[BlackElo "2292"]
[WhiteFideId "14100541"]
[BlackFideId "30984076"]
[EventDate "2025.06.17"]

1. e4 c5 2. b3 e6 3. Nf3 b6 4. d4 cxd4 5. Qxd4 Bb7 6. Bb2 Nc6 7. Qd2 Nf6 8. e5
Ne4 9. Qf4 d5 10. Bd3 Nb4 11. O-O Nxd3 12. cxd3 Nc5 13. Rd1 Be7 14. Nc3 Ba6 15.
Ne1 g5 16. Qf3 h5 17. d4 Nd7 18. g3 g4 19. Qe3 Bg5 20. f4 gxf3 21. Qxf3 Qe7 22.
Ng2 O-O-O 23. Bc1 h4 24. g4 h3 25. Bxg5 Qxg5 26. Ne3 Kb8 27. Rac1 Bb7 28. Nb5 f6
29. Nd6 Rhf8 30. Nxb7 Kxb7 31. Nxd5 fxe5 32. Nf6+ Kb8 33. Nxd7+ Rxd7 34. Qxf8+
Kb7 35. Qc8# 1-0